000 01211nam a2200301 c 4500
003 BLK
005 20221126114641.0
008 180411b bul|||||r ||||||| ||bul||
010 _aKNG00181695000
040 _aBLK
041 _aBUL
_cBUL
080 _aБългарска литература
_b821.163.2
_x-31
_z821.163.2-31
100 1 _aКоралов, Емил
_eпърви автор
_gСтанчев, Емил Дончев
_9377967
700 1 _aСтанчев, Емил Дончев
_e*
_9382542
139 _aКоралов, Емил
_bК 85
245 1 0 _aДвубоят
_bРоман
_cЕмил Коралов; * Емил Дончев Станчев.
250 _a4. изд.
257 _aBGR
260 София
_bБълг. писател
_c1986
_fВ. Търново : Д. Найденов
300 _a540 с.
_c21 см
380 _aX
500 _aИстинското име на авт. е Емил Дончев Станчев. - В библиогр. каре означено Избрано. - 1. изд 1953. - 60 112 тир.
852 _aЦб 145050
856 4 _qpdf
_u
856 4 _qpdf
_u
942 _cKNG
_n0
_02
944 _aCR
_c14.09.2015
_kКети_Илиева
944 _aED
_c14.09.2015
_kКети_Илиева
999 _c173307
_d173307